000 00536cam a2200181 4500500
005 20260329005842.0
041 _afre
042 _adc
100 1 0 _aMoreau, Anne-Sophie
_eauthor
245 0 0 _aSortez le grand jeu !
260 _c2025.
500 _a84
690 _achangement
690 _aDivertissement
690 _aidées
786 0 _nPhilosophie magazine | 190 | 6 | 2025-06-01 | p. 29-29 | 1951-1787
856 4 1 _uhttps://shs.cairn.info/magazine-philosophie-magazine-2025-6-page-29?lang=fr&redirect-ssocas=7080
999 _c1847257
_d1847257